<?xml version="1.0" encoding="UTF-8"?>
<record
    xmlns:xsi="http://www.w3.org/2001/XMLSchema-instance"
    xsi:schemaLocation="http://www.loc.gov/MARC21/slim http://www.loc.gov/standards/marcxml/schema/MARC21slim.xsd"
    xmlns="http://www.loc.gov/MARC21/slim">

  <leader>01061nam a22002537a 4500</leader>
  <controlfield tag="005">20251029141654.0</controlfield>
  <controlfield tag="008">211020t        ck     gr|||| 00| 0 spa|d</controlfield>
  <datafield tag="020" ind1=" " ind2=" ">
    <subfield code="a">9588205913</subfield>
  </datafield>
  <datafield tag="050" ind1="0" ind2="4">
    <subfield code="a">HD3477 </subfield>
    <subfield code="b">P37 2006</subfield>
  </datafield>
  <datafield tag="100" ind1="1" ind2=" ">
    <subfield code="a">Pardo Mart&#xED;nez, Luz Patricia</subfield>
  </datafield>
  <datafield tag="245" ind1="1" ind2="0">
    <subfield code="a">Estado del arte del sector solidario en Colombia</subfield>
    <subfield code="c"> / Luz Patricia Pardo Mart&#xED;nez, Rymel Serrano Uribe, Germ&#xE1;n Jaramillo Morales.</subfield>
  </datafield>
  <datafield tag="250" ind1=" " ind2=" ">
    <subfield code="a">1a ed.</subfield>
  </datafield>
  <datafield tag="260" ind1=" " ind2=" ">
    <subfield code="a">Bogot&#xE1; :</subfield>
    <subfield code="b">Universidad Cooperativa de Colombia. Facultad de Ciencias Administrativas, Econ&#xF3;micas y Contables,</subfield>
    <subfield code="c">2006</subfield>
  </datafield>
  <datafield tag="300" ind1=" " ind2=" ">
    <subfield code="a">239 p. ;</subfield>
    <subfield code="c">24 cm.</subfield>
  </datafield>
  <datafield tag="490" ind1="0" ind2=" ">
    <subfield code="a">Colecci&#xF3;n Econom&#xED;a solidaria</subfield>
  </datafield>
  <datafield tag="504" ind1=" " ind2=" ">
    <subfield code="a">Incluye bibliograf&#xED;as</subfield>
  </datafield>
  <datafield tag="650" ind1=" " ind2="7">
    <subfield code="2">lemb</subfield>
    <subfield code="a">Participaci&#xF3;n social</subfield>
    <subfield code="x">Investigaci&#xF3;n</subfield>
  </datafield>
  <datafield tag="650" ind1=" " ind2="4">
    <subfield code="a">Econom&#xED;a</subfield>
    <subfield code="x">Solidaria</subfield>
    <subfield code="z">Colombia</subfield>
  </datafield>
  <datafield tag="650" ind1=" " ind2="4">
    <subfield code="a">Industria </subfield>
    <subfield code="x">Cooperaci&#xF3;n</subfield>
    <subfield code="z">Colombia</subfield>
  </datafield>
  <datafield tag="700" ind1="1" ind2=" ">
    <subfield code="a">Serrano Uribe, Rymel</subfield>
    <subfield code="e">autor</subfield>
  </datafield>
  <datafield tag="700" ind1="1" ind2=" ">
    <subfield code="a">Jaramillo Morales, Germ&#xE1;n</subfield>
    <subfield code="e">autor</subfield>
  </datafield>
  <datafield tag="710" ind1="1" ind2=" ">
    <subfield code="a">Universidad Cooperativa de Colombia. </subfield>
    <subfield code="b">Facultad de Ciencias Administrativas, Econ&#xF3;micas y Contables.</subfield>
  </datafield>
  <datafield tag="942" ind1=" " ind2=" ">
    <subfield code="2">lcc</subfield>
    <subfield code="c">LIB</subfield>
  </datafield>
  <datafield tag="999" ind1=" " ind2=" ">
    <subfield code="c">64484</subfield>
    <subfield code="d">64484</subfield>
  </datafield>
  <datafield tag="952" ind1=" " ind2=" ">
    <subfield code="1">0</subfield>
    <subfield code="2">lcc</subfield>
    <subfield code="4">0</subfield>
    <subfield code="7">8</subfield>
    <subfield code="a">LIC-029</subfield>
    <subfield code="b">LIC-029</subfield>
    <subfield code="c">GENERAL</subfield>
    <subfield code="d">2025-10-29</subfield>
    <subfield code="e">POS-UC</subfield>
    <subfield code="f">1a ed.</subfield>
    <subfield code="i">CEA</subfield>
    <subfield code="k">CSA</subfield>
    <subfield code="o">HD3477 P37 2006</subfield>
    <subfield code="p">BFE000014900</subfield>
    <subfield code="r">2018-10-24 00:00:00</subfield>
    <subfield code="t">1</subfield>
    <subfield code="v">1.00</subfield>
    <subfield code="y">LIB</subfield>
  </datafield>
</record>
